000 01448nam0a2200361 4500
001 RU\NLR\BIBL_A\022673872
005 20260420060633.0
010 _a978-5-389-21319-7
_93000
021 _aRU
_bКН-П-25-062991
_9КН-П-25-6098
035 _a(NLR Aleph) 022673872
090 _a13686329
_c13686329
100 _a20251127d2025 c y0rusy50 ca
101 1 _arus
_ceng
102 _aRU
105 _aa g 000zy
181 0 _ai2
_baxxe
181 0 _ab2
_bxb2e
182 0 _an
200 1 _aТайны животных
_eбольшая иллюстрированная энциклопедия
_fДиана Малиция, Джоан Сориано и Альберто Хернандес
_gперевод с английского языка Наталья Жукова
203 _aТекст
_aИзображение
_bвизуальные
_cнепосредственные
210 _aМосква
_cАзбука, Махаон
_d2025
215 _a255 c.
_cцв. ил.
_d29
300 _aАвт. указаны на обороте тит. с.
333 _a6+
606 1 _aЖивотные
_jЭнциклопедии
_91163614
_3RU\NLR\AUTH\66148196
686 1 _aЕ6я20
700 1 _aМалиция
_bД.
_gДиана
701 1 _aСориано
_bД.
_gДжоан
701 1 _aХернандес
_bА.
_gАльберто
942 _cBOOK
980 _aNB